Voprosy effektivnosti i optimal'nosti planirovanija i upravlenija

Gespeichert in:
Bibliographische Detailangaben
1. Verfasser: Černjavskij, Vasilij Osipovič
Format: Buch
Sprache:Russisch
Veröffentlicht: Moskva Nauka 1985
Tags: Tag hinzufügen
Keine Tags, Fügen Sie das erste Tag hinzu!

MARC

LEADER 00000nam a2200000 4500
001 c106163
005 20230223120817.0
041 0 |a rus 
044 |a RU 
245 1 0 |a Voprosy effektivnosti i optimal'nosti planirovanija i upravlenija  |c Vasilij Osipovič Černjavskij 
264 1 |a Moskva  |b Nauka  |c 1985 
300 |a 115 s. 
100 1 |a Černjavskij, Vasilij Osipovič